000 00628cam a2200229 4500500
005 20260405003538.0
041 _afre
042 _adc
100 1 0 _aNathan, Tobie
_eauthor
245 0 0 _aBubble Tea : le sacre du sucré
260 _c2022.
500 _a52
690 _aAddiction
690 _aBoisson
690 _aChine
690 _aEmpire
690 _aSanté
690 _aSucre
690 _aTobie Nathan
786 0 _nPhilosophie magazine | 162 | 9 | 2022-09-01 | p. 14-14 | 1951-1787
856 4 1 _uhttps://shs.cairn.info/magazine-philosophie-magazine-2022-9-page-14?lang=fr&redirect-ssocas=7080
999 _c2068570
_d2068570